000
00344nam a2200157Ia 4500
003
Ost
005
20260225132541.0
008
260225s9999||||xx |||||||||||||| ||und||
040
_c
fsic
041
_a
fre
082
_a
531
100
_a
Robert Campbell
_e
Auteur
245
0
_a
La Cinematique /
245
0
_c
Robert Campbell
942
_c
كتاب
999
_c
33550
_d
33550